000 00465nam a2200169 i 4500
001 60476
003 ES-MaACL
005 20230906164235.0
007 t|
008 031105s1926 sp ||||1| spa d
100 1 _aEspina, Concha,
_d1869-1955
_947834
245 1 0 _aAltar mayor
_b: novela /
_cConcepción Espina.
260 _aMadrid :
_b[s.n.],
_c1926 (
_fImp. Ciudad Lineal)
300 _a443 p. ;
_c19 cm.
852 _aES-MaACL
_jF-3296
999 _c60476
_d60476